000 00285nam a22001097a 4500
020 _a0-85229-163-9
082 _a030 GRE'H
100 _aPASCAL, B LAISE
_977504
245 _aTHE PROVINCIAL LETTERS PENSEES SCIENTIFIC TREATISES
260 _aCHICAGO
_bWILLIAM BENTON
_c1952
942 _cBK
999 _c582765
_d582765